Production forecasting, planning, and control / (Record no. 75958)
[ view plain ]
| 000 -LEADER | |
|---|---|
| fixed length control field | 00778nam a2200277 a 4500 |
| 001 - CONTROL NUMBER | |
| control field | 75958 |
| 003 - CONTROL NUMBER IDENTIFIER | |
| rucl marc code | BD-RjUL |
| 005 - DATE AND TIME OF LATEST TRANSACTION | |
| control field | 20211209082752.0 |
| 008 - FIXED-LENGTH DATA ELEMENTS--GENERAL INFORMATION | |
| fixed length control field | 190924s1961 nyua 000 0 eng |
| 035 ## - SYSTEM CONTROL NUMBER | |
| System control number | (BD-RjUL)76177 |
| System control number | (OCoLC)228953 |
| 040 ## - CATALOGING SOURCE | |
| Original cataloging agency | DLC |
| Transcribing agency | ODaWU |
| Modifying agency | OCoLC |
| -- | DNAL |
| -- | OCoLC |
| -- | Uk |
| -- | DLC |
| -- | BD-RjUL |
| Language of cataloging | eng |
| 041 ## - LANGUAGE CODE | |
| Language code of text/sound track or separate title | eng |
| 070 0# - NATIONAL AGRICULTURAL LIBRARY CALL NUMBER | |
| Classification number | HD31.M28 |
| Item number | 1961 |
| 082 ## - DEWEY DECIMAL CLASSIFICATION NUMBER | |
| Edition number | 23 |
| Classification number | 658.5 |
| Author mark and year | NIP 1961 |
| 100 1# - MAIN ENTRY--PERSONAL NAME | |
| Personal name | Mac Niece, E. H. |
| 9 (RLIN) | 233139 |
| 245 10 - TITLE STATEMENT | |
| Title | Production forecasting, planning, and control / |
| Statement of responsibility, etc. | E. H. Mac Niece. |
| 250 ## - EDITION STATEMENT | |
| Edition statement | 3d ed. |
| 260 ## - PUBLICATION, DISTRIBUTION, ETC. (IMPRINT) | |
| Place of publication, distribution, etc. | New York : |
| Name of publisher, distributor, etc. | Wiley, |
| Date of publication, distribution, etc. | 1961 |
| 300 ## - PHYSICAL DESCRIPTION | |
| Pagination | 402 p.: |
| Illustrations | illus. |
| Size | 24 cm. |
| 650 #0 - SUBJECT ADDED ENTRY--TOPICAL TERM | |
| Topical term or geographic name as entry element | Industrial management. |
| 9 (RLIN) | 233140 |
| 942 ## - ADDED ENTRY ELEMENTS (KOHA) | |
| Source of classification or shelving scheme | Dewey Decimal Classification |
| Koha item type | Books |
| Lost status | Source of classification or shelving scheme | Damaged status | Not for loan | Collection code | Permanent Location | Current Location | Shelving location | Date acquired | Source of acquisition | Cost, normal purchase price | Total Checkouts | Full call number | Date last seen | Copy number | Koha item type |
|---|---|---|---|---|---|---|---|---|---|---|---|---|---|---|---|
| Dewey Decimal Classification | Not For Loan | Non-fiction | Central Library, University of Rajshahi | Central Library, University of Rajshahi | Reading Room | 27/12/1969 | Zeitlinger | 0.95 | 658.5 NIP 1961 | 24/09/2019 | C-1 | Books | |||
| Dewey Decimal Classification | Non-fiction | Central Library, University of Rajshahi | Central Library, University of Rajshahi | 20/03/1963 | zeitlinger | 74.00 | 658.5 NIP 1961 | 25/09/2019 | C-2 | Books | |||||
| Dewey Decimal Classification | Non-fiction | Central Library, University of Rajshahi | Central Library, University of Rajshahi | 20/03/1963 | zeitlinger | 74.00 | 658.5 NIP 1961 | 25/09/2019 | C-3 | Books | |||||
| Dewey Decimal Classification | Non-fiction | Central Library, University of Rajshahi | Central Library, University of Rajshahi | 29/10/1965 | zeitlinger | 70.00 | 658.5 NIP 1961 | 25/09/2019 | C-4 | Books | |||||
| Dewey Decimal Classification | Non-fiction | Central Library, University of Rajshahi | Central Library, University of Rajshahi | 27/12/1969 | zeitlinger | 70.00 | 658.5 NIP 1961 | 25/09/2019 | C-6 | Books | |||||
| Dewey Decimal Classification | Non-fiction | Central Library, University of Rajshahi | Central Library, University of Rajshahi | 27/12/1969 | zeitlinger | 70.00 | 658.5 NIP 1961 | 25/09/2019 | C-7 | Books | |||||
| Dewey Decimal Classification | Non-fiction | Central Library, University of Rajshahi | Central Library, University of Rajshahi | 27/12/1969 | zeitlinger | 70.00 | 658.5 NIP 1961 | 25/09/2019 | C-8 | Books |